000 00585nam a22001697a 4500
003 OSt
005 20171010095515.0
008 120814t xxu||||| |||| 00| 0 eng d
040 _aMMSU
_cULS
100 _aCorpuz, Thelma A.
_912153
245 _aThe Attitudes of teachers toward supervisory visits and their performance
_cThelma A. Corpuz
260 _c2000
300 _axv, 94 leaves
_c28 cm.
500 _aThesis (MA Education-Educational Management) -- Mariano Marcos State University-Graduate School, Laoag City
504 _aBibliography: leaves 75-79
942 _2ddc
_cTHEDIS
999 _c9730
_d9730